Normal view MARC view
  • Glenn A. Wonderly

Entry Personal Name

Number of records used in: 1

001 - CONTROL NUMBER

  • control field: 103323

003 - CONTROL NUMBER IDENTIFIER

  • control field: NUST

005 - DATE AND TIME OF LATEST TRANSACTION

  • control field: 20221122103742.0

008 - FIXED-LENGTH DATA ELEMENTS

  • fixed length control field: 221122|| aca||aabn | a|a d

040 ## - CATALOGING SOURCE

  • Original cataloging agency: NUST
  • Transcribing agency: NUST

100 ## - HEADING--PERSONAL NAME

  • Personal name: Glenn A. Wonderly

670 ## - SOURCE DATA FOUND

  • Source citation: Work cat.: (NUST)194237: Glenn A. Wonderly , Understanding Solid-Stae Electronics /, 1971
© 2023 Central Library, National University of Sciences and Technology. All Rights Reserved.